| 000 | 00495nam a22001817a 4500 | ||
|---|---|---|---|
| 003 | NUST - PNEC | ||
| 005 | 20170116180806.0 | ||
| 008 | 150422b xxu||||| |||| 00| 0 eng d | ||
| 020 | _a9695340741 | ||
| 040 | _cLIBRARY | ||
| 082 | _a297.26 PER | ||
| 100 |
_92990 _aPervez, Khalid |
||
| 245 |
_aPeghambar-e-Islam S.A.W _bProfessor Khalid Pervez |
||
| 260 |
_aLahore: _bBecan Books, _cc2005. |
||
| 300 |
_a672 p. : _c22 cm. |
||
| 650 |
_92987 _aIslam, Prophet (PBUH) _xGeneral |
||
| 942 |
_2ddc _cBK |
||
| 999 |
_c63194 _d63194 |
||